Score 0/36 Timer 04:00
1 Play Today
% Correct
Cats
95.6%
Cold Case
93.1%
Chile
92.9%
CHiPs
92.8%
Chiefs
90.5%
Colts
90%
Costa Rica
89.7%
Calcium
85.1%
Cheers
85%
Cowboys
84%
Carbon
82.9%
Copper
82.7%
Colombia
78.4%
Celtics
78.1%
Criminal Minds
77.4%
A Chorus Line
77%
Cobalt
75.1%
Close to Home
72.3%
% Correct
Cavaliers
71.4%
Calvin and Hobbes
70.5%
Cadmium
68.9%
Cyprus
68.9%
Cougar Town
68.1%
Cameroon
67.7%
Cabaret
64.2%
Chicago
64.2%
Charmed
63.9%
Chlorine
61.3%
Cathy
60.6%
Clippers
52.1%
Croatia
43.7%
Camelot
31.7%
Curtis
18.2%
Carousel
17.2%
Committed
10.7%
Crankshaft
7.7%
Remove Ads.
Support Sporcle.
Get the best of Sporcle when you Go Orange. This ad-free experience offers more features, more stats, and more fun while also helping to support Sporcle. Thank you for becoming a member.

You're not logged in!

Compare scores with friends on all Sporcle quizzes.
OR
Log In

Show Comments

Extras

Top Quizzes Today


Score Distribution

Your Account Isn't Verified!

In order to create a playlist on Sporcle, you need to verify the email address you used during registration. Go to your Sporcle Settings to finish the process.

Report this User

Report this user for behavior that violates our Community Guidelines.

Details: